| 000 -LEADER |
| fixed length control field |
01992 a2200277 4500 |
| 003 - CONTROL NUMBER IDENTIFIER |
| control field |
OSt |
| 005 - DATE AND TIME OF LATEST TRANSACTION |
| control field |
20180116192342.0 |
| 008 - FIXED-LENGTH DATA ELEMENTS--GENERAL INFORMATION |
| fixed length control field |
120529t xxu||||| |||| 00| 0 eng d |
| 020 ## - INTERNATIONAL STANDARD BOOK NUMBER |
| International Standard Book Number |
9783037781906 (paperback) |
| 020 ## - INTERNATIONAL STANDARD BOOK NUMBER |
| International Standard Book Number |
9783037781906 (paperback) |
| 040 ## - CATALOGING SOURCE |
| Transcribing agency |
0 |
| 082 04 - DEWEY DECIMAL CLASSIFICATION NUMBER |
| Classification number |
720.222 |
| 245 14 - TITLE STATEMENT |
| Title |
The sanaa studios 2006-2008 : |
| Remainder of title |
learning from japan : |
| -- |
single story urbanism / |
| Statement of responsibility, etc. |
Florian Idenburg. |
| 250 ## - EDITION STATEMENT |
| Edition statement |
1st ed. |
| 260 ## - PUBLICATION, DISTRIBUTION, ETC. |
| Place of publication, distribution, etc. |
Belgium : |
| Name of publisher, distributor, etc. |
Lars M�ller Publishers; |
| Date of publication, distribution, etc. |
2009. |
| 300 ## - PHYSICAL DESCRIPTION |
| Extent |
144 p. : |
| Other physical details |
ill. ; |
| Dimensions |
28 cm. |
| 520 ## - SUMMARY, ETC. |
| Summary, etc. |
During three spring seasons between 2006 and 2008, Kazuyo Sejima and Ryue Nishizawa taught at the School of Architecture at Princeton. The SANAA Studios explored Japan's contemporary society as a context for architecture and considered its particular perspective on space, the personal and the public realm. Design exercises were situated within the specific demographics and social variables of three distinct sites in Japan. This book captures the atmosphere in which the studios were conducted and registers some of the findings gained out of exploring the office, its methods and its context. By combining analyses, essays, documentation and design proposals, it asks: What can we learn from SANAA? It tries to frame SANAA's compassionate search for new architectures within a larger societal context. For this publication, Dutch architectural photographer Iwan Baan has revisited the three sites where the studios took place to capture the spirit of its context and the SANAA buildings in use. |
| 650 10 - SUBJECT ADDED ENTRY--TOPICAL TERM |
| Topical term or geographic name entry element |
Princeton University. School of Architecture |
| 9 (RLIN) |
2389 |
| 650 10 - SUBJECT ADDED ENTRY--TOPICAL TERM |
| Topical term or geographic name entry element |
Architects |
| 9 (RLIN) |
2390 |
| 650 10 - SUBJECT ADDED ENTRY--TOPICAL TERM |
| Topical term or geographic name entry element |
Architecture |
| General subdivision |
Study and teaching |
| Geographic subdivision |
Japan |
| 9 (RLIN) |
2391 |
| 651 10 - SUBJECT ADDED ENTRY--GEOGRAPHIC NAME |
| Geographic name |
New Jersey |
| Geographic subdivision |
Princeton. |
| 9 (RLIN) |
2392 |
| 700 1# - ADDED ENTRY--PERSONAL NAME |
| Personal name |
Idenburg, Florian. |
| 9 (RLIN) |
2393 |
| 856 40 - ELECTRONIC LOCATION AND ACCESS |
| Materials specified |
Amazon.com |
| Uniform Resource Identifier |
<a href="http://www.amazon.com/exec/obidos/ASIN/3037781904/chopaconline-20">http://www.amazon.com/exec/obidos/ASIN/3037781904/chopaconline-20</a> |
| 942 ## - ADDED ENTRY ELEMENTS (KOHA) |
| Institution code [OBSOLETE] |
SADA |
| Koha item type |
Book |
| Call number prefix |
720.222 SAN 2009 |
| Source of classification or shelving scheme |
|